|
|
|
|
| LEADER |
00627nab a2200157 i 4500 |
| 001 |
delm132439 |
| 005 |
20191105124511.0 |
| 008 |
191105s2001 hu o 0|| hun d |
| 040 |
|
|
|a SZTE Délmagyarország Archívum
|b hun
|
| 041 |
|
|
|a hun
|
| 100 |
1 |
|
|a Szeri István
|
| 245 |
1 |
2 |
|a A szegedi tömegközlekedésről, városházi döntés előtt. [1.] Trolikkal háborúznak a buszok?
|h [elektronikus dokumentum] /
|c Szeri István
|
| 260 |
|
|
|c 2001-01-25
|
| 300 |
|
|
|a 6
|
| 490 |
0 |
|
|a Délmagyarország
|v 91 No. 21
|
| 695 |
|
|
|a Szeged, Tömegközlekedés troli Szeged, Tömegközlekedés villamos Szeged, Tömegközlekedés busz Szeged, Várospolitika
|